00388nam a2200145Ia 4500008004100000020001500041041001200056100001800068245008500086250000800171260003100179300000800210650000700218700001700225221030s9999 xx 000 0 und d a8190630726 aEnglish aE. W. Golding 0aElectrical Measurements & Measuring Instruementscby E. W. Golding, F. C. Widdis a5th bReem Pub.aNew Delhic2013 a952 aEE aF. C. Widdis